[Event "Fast Kings Gambit"]
[Site "SchemingMind.com"]
[Date "2018.12.02"]
[Round "-"]
[White "Greg Magne"]
[Black "flyinduck"]
[Result "0-1"]
[WhiteCountry "CAN"]
[BlackCountry "CAN"]
[WhiteElo "1778"]
[WhiteRD "76"]
[BlackElo "2000"]
[BlackRD "55"]
[GameID "435446"]

1. e4 e5 2. f4 exf4 3. Bc4 Nc6 4. Nf3 g5 5. h4 g4 6. Bxf7+ Kxf7 7. Ng5+ Ke8 8. Qxg4 Nf6 9. Qxf4 Bd6 10. Qf2 Qe7
11. d3 h6 12. Nf3 Ng4 13. Qe2 Bg3+ 14. Kf1 d6 15. Nc3 Nge5 16. Be3 Bg4 17. Nd5 Qf7 18. a4 Kd7 19. Ra3 Nxf3 20. Rh3 Nfd4+
0-1

[Event "Fast Kings Gambit"]
[Site "SchemingMind.com"]
[Date "2018.12.02"]
[Round "-"]
[White "flyinduck"]
[Black "Greg Magne"]
[Result "1-0"]
[WhiteCountry "CAN"]
[BlackCountry "CAN"]
[WhiteElo "1997"]
[WhiteRD "58"]
[BlackElo "1746"]
[BlackRD "83"]
[GameID "435447"]

1. e4 e5 2. f4 d5 3. exd5 e4 4. d3 Nf6 5. dxe4 Nxe4 6. Nf3 Bc5 7. Qe2 Bf2+ 8. Kd1 Qxd5+ 9. Nfd2 f5 10. Nc3 Qd4
11. Nxe4 fxe4 12. c3 Qb6 13. Nxe4 O-O 14. Qxf2 Bg4+ 15. Be2 Rd8+ 16. Ke1 Qg6 17. Bxg4 Qxg4 18. Be3 Nc6 19. Qf3 Qg6 20. Kf2 Rd3
21. Rad1 Rad8 22. Rxd3 Rxd3 23. Ke2 Rd8 24. Rd1 Re8 25. f5 Qf7 26. Ng5 Qc4+ 27. Kf2 Ne5 28. Qd5+ Qxd5 29. Rxd5 Ng4+ 30. Kf3 Nxe3
31. Ra5 a6 32. g4 Nc4 33. Rc5 Nxb2 34. Rxc7 b6 35. Ne6 Na4 36. Rxg7+ Kh8 37. Ra7 Nxc3 38. f6
1-0

[Event "Fast Kings Gambit"]
[Site "SchemingMind.com"]
[Date "2018.12.02"]
[Round "-"]
[White "Greg Magne"]
[Black "jolasebabes"]
[Result "0-1"]
[WhiteCountry "CAN"]
[BlackCountry "POR"]
[WhiteElo "1756"]
[WhiteRD "79"]
[BlackElo "2179"]
[BlackRD "71"]
[GameID "435448"]

1. e4 e5 2. f4 Bc5 3. Nf3 d6 4. c3 Bb6 5. d4 exd4 6. cxd4 Bg4 7. Be3 Nc6 8. Be2 Nf6 9. Nc3 O-O 10. O-O Re8
11. e5 dxe5 12. fxe5 Bxf3 13. Bxf3 Nxd4 14. Kh1 Rxe5 15. Bxd4 Bxd4 16. Bxb7 Rb8 17. Bf3 Rxb2 18. Ne2 c5 19. a4 Rb4 20. Nxd4 Rxd4
21. Qc1 Qd6 22. a5 h5 23. Ra2 Ng4 24. h3 Re1 25. hxg4 Rxc1 26. Rxc1 hxg4 27. Be2 Qh6+
0-1

[Event "Fast Kings Gambit"]
[Site "SchemingMind.com"]
[Date "2018.12.02"]
[Round "-"]
[White "jolasebabes"]
[Black "Greg Magne"]
[Result "1-0"]
[WhiteCountry "POR"]
[BlackCountry "CAN"]
[WhiteElo "2181"]
[WhiteRD "75"]
[BlackElo "1746"]
[BlackRD "83"]
[GameID "435449"]

1. e4 e5 2. f4 exf4 3. Nf3 Nf6 4. e5 Nh5 5. Be2 d6 6. exd6 Bxd6 7. d4 Nc6 8. O-O Bg4 9. Nbd2 Qf6 10. Ne4 Qg6
11. Nxd6+ Qxd6 12. Ng5 f3 13. Bxf3 Bxf3 14. Qxf3 Nf6 15. Re1+ Kf8 16. Qb3 Nd8 17. Ne4 Nxe4 18. Rxe4 Ne6 19. Be3 h6 20. Rf1 Kg8
21. Qxb7 Rd8 22. c4 Ng5 23. Re5 Kh7 24. c5 Qd7 25. h4 Ne6 26. Qe4+ g6 27. h5 Ng5 28. hxg6+ Kg7 29. Rxg5 hxg5 30. Rxf7+ Qxf7
31. gxf7 Kxf7 32. Qf5+ Ke8 33. Qe6+ Kf8 34. Qf6+
1-0

[Event "Fast Kings Gambit"]
[Site "SchemingMind.com"]
[Date "2018.12.02"]
[Round "-"]
[White "Greg Magne"]
[Black "willyboy"]
[Result "0-1"]
[WhiteCountry "CAN"]
[BlackCountry "AUT"]
[WhiteElo "1756"]
[WhiteRD "79"]
[BlackElo "2189"]
[BlackRD "67"]
[GameID "435450"]

1. e4 e5 2. f4 exf4 3. Nf3 g5 4. h4 g4 5. Ne5 Nf6 6. Nc3 d6 7. Nc4 Nh5 8. d4 Nc6 9. Nd5 Bh6 10. Be2 Ng3
11. Rh2 O-O 12. Bxg4 f5 13. exf5 Qe8+ 14. Kf2 Ne4+ 15. Kf3 Bxf5 16. Bxf5 Qh5+ 17. Bg4 Qxd5 18. Be6+ Qxe6 19. Qd3 Rae8 20. b3 Nxd4+
21. Qxd4 Ng5+ 22. hxg5 Qe2#
0-1

[Event "Fast Kings Gambit"]
[Site "SchemingMind.com"]
[Date "2018.12.02"]
[Round "-"]
[White "willyboy"]
[Black "Greg Magne"]
[Result "1-0"]
[WhiteCountry "AUT"]
[BlackCountry "CAN"]
[WhiteElo "2189"]
[WhiteRD "67"]
[BlackElo "1756"]
[BlackRD "79"]
[GameID "435451"]

1. e4 e5 2. f4 d5 3. exd5 e4 4. d3 Nf6 5. dxe4 Nxe4 6. Nf3 Bg4 7. Bd3 Nd6 8. O-O Be7 9. c4 Nd7 10. Be3 O-O
11. Qc2 g6 12. Nbd2 Bf6 13. Bf2 c6 14. c5 Nf5 15. dxc6 bxc6 16. h3 Bxf3 17. Nxf3 Qc7 18. Bxf5 Rfd8 19. Be4 Qxf4 20. Bxc6 Rab8
21. Bxd7 Rxd7 22. Rab1 Rc7 23. Rfe1 a5 24. b3 Rbc8 25. Re4 Qh6 26. a3 Qg7 27. b4 axb4 28. axb4 h5 29. b5
1-0

[Event "Fast Kings Gambit"]
[Site "SchemingMind.com"]
[Date "2018.12.03"]
[Round "-"]
[White "Greg Magne"]
[Black "dvoretsky"]
[Result "0-1"]
[WhiteCountry "CAN"]
[BlackCountry "ENG"]
[WhiteElo "1756"]
[WhiteRD "79"]
[BlackElo "2294"]
[BlackRD "84"]
[GameID "435452"]

1. e4 e5 2. f4 exf4 3. Bc4 Qh4+ 4. Kf1 d6 5. Nf3 Qf6 6. d4 Be6 7. d5 Bc8 8. Nc3 g5 9. h4 g4 10. Nd4 Bh6
11. Ncb5 Qd8 12. Nf5 Bxf5 13. exf5 Nf6 14. Qe2+ Kd7 15. g3 f3 16. Qd3 Bxc1 17. Rxc1 Na6 18. Nxd6 Nc5 19. Qd4 cxd6 20. Bb5+ Kc7
21. b4 Nce4 22. c4 Nxg3+ 23. Kf2 Nfe4+ 24. Ke3 Nxf5+
0-1

[Event "Fast Kings Gambit"]
[Site "SchemingMind.com"]
[Date "2018.12.03"]
[Round "-"]
[White "dvoretsky"]
[Black "Greg Magne"]
[Result "1-0"]
[WhiteCountry "ENG"]
[BlackCountry "CAN"]
[WhiteElo "2294"]
[WhiteRD "84"]
[BlackElo "1756"]
[BlackRD "79"]
[GameID "435453"]

1. e4 e5 2. f4 exf4 3. Nf3 d6 4. d4 g5 5. h4 g4 6. Ng1 h5 7. Bxf4 Be7 8. g3 Nc6 9. Nc3 f5 10. Bg2 Bf6
11. Nge2 Nge7 12. O-O Ng6 13. Be3 Bxh4 14. exf5 Nge7 15. gxh4 Nxf5 16. Bg5 Qd7 17. Nf4 Nfxd4 18. Bxc6 Qxc6 19. Qxd4 Rg8 20. Qe3+ Kf7
21. Qe7#
1-0